000 00407nam a2200145Ia 4500
008 230312s9999||||xx |||||||||||||| ||und||
020 _a0-6423-3415-2
082 _a704.942
_bGRA-F
100 _aGray;Anne
245 0 _aFace: Australian Portraits(1880-1960)
260 _bNational Gallery of Australia
_aAustralia
_c2010
300 _a160
650 _aArchitecture
_vArchitecture/Art & Design
942 _cBK
999 _c11533
_d11533